Países que empiezan por la B en una mapa - Estadísticas

Estadísticas generales
  • Esta prueba ha sido intentada 140 veces
  • La puntuación promedio es 15 de 17
Respuestas en el mapa
Las respuestas están codificadas por una escala verde-roja en el mapa de la prueba según el % correcto abajo.
 
Estadísticas de respuestas
País % Correcto
Brasil
100%
Bolivia
99%
Bélgica
98%
Bielorrusia
96%
Bahamas
93%
Bulgaria
93%
Bosnia y Herzegovina
92%
Botsuana
89%
Bután
87%
Barbados
84%
Belice
83%
Banglades
80%
Barein
79%
Burundi
79%
Burkina Faso
77%
Benín
76%
Brunéi
66%
No se encontraron pruebas coincidentes
Distribución de puntuación
Porcentaje de gente con cada puntuación
Porcentaje por número respondido
Historial de tus puntuaciones
No has intentado esta prueba.